Computer Concepts and Application. (Record no. 75)

MARC details
005 - DATE AND TIME OF LATEST TRANSACTION
control field 20250616124345.0
020 ## - INTERNATIONAL STANDARD BOOK NUMBER
International Standard Book Number 0-07-054744-0
082 ## - DEWEY DECIMAL CLASSIFICATION NUMBER
Classification number 001.64 SAN
100 ## - MAIN ENTRY--PERSONAL NAME
Author name SANDERS, D.H.
245 ## - TITLE STATEMENT
Title Computer Concepts and Application.
260 ## - PUBLICATION, DISTRIBUTION, ETC.
Place of publication, distribution, etc. New york,
Name of publisher, distributor, etc. Mc Graw-Hill,
Date of publication, distribution, etc. 1987.
300 ## - PHYSICAL DESCRIPTION
Extent xxvi, 546p.: ill.; figure, map, picture, table.
Other physical details Index.
Dimensions 11cm.
942 ## - ADDED ENTRY ELEMENTS (KOHA)
Source of classification or shelving scheme Dewey Decimal Classification
Koha item type Books
Holdings
Date last seen Total checkouts Full call number Barcode Cost, replacement price Price effective from Koha item type Lost status Source of classification or shelving scheme Damaged status Not for loan Withdrawn status Home library Current library Shelving location Date acquired Cost, normal purchase price
03/06/2025   001.64 SAN 000000147 30000.00 03/06/2025 Books   Dewey Decimal Classification       College of Business Education Main Library College of Business Education Main Library General Collection 03/06/2025 10000.00
03/06/2025   001.64 SAN 000000148 30000.00 03/06/2025 Books   Dewey Decimal Classification       College of Business Education Main Library College of Business Education Main Library General Collection 03/06/2025 10000.00
03/06/2025   001.64 SAN 000000149 30000.00 03/06/2025 Books   Dewey Decimal Classification       College of Business Education Main Library College of Business Education Main Library General Collection 03/06/2025 10000.00
03/06/2025   001.64 SAN 000000150 30000.00 03/06/2025 Books   Dewey Decimal Classification       College of Business Education Main Library College of Business Education Main Library General Collection 03/06/2025 10000.00